000 00342nam a2200133 i 4500
001 bg
100 1 _aWALKOWICZ, Mirosław
245 0 _aStereochemia pochodnych dwucyklo-[3.1.0.]-heksanu /
_cMirosław Walkowicz.
260 _aWrocław,
_c1974.
040 _cBPK
041 _apol
942 _cKS
008 s pl f |000 0 pol
999 _c15800
_d15800
856 _uhttp://koha.tu.koszalin.pl/cgi-bin/koha/opac-detail.pl?biblionumber=15800
_yKatalog online BPK